Modellváltó egyetemen tanulhat a diákok háromnegyede

Elmentve itt :
Bibliográfiai részletek
Szerző: Csókás Adrienn
További közreműködők: Móricz-Sabján Simon
Dokumentumtípus: Cikk
Megjelent: 2021-07-09
Sorozat:Magyar Nemzet
Kulcsszavak:Szegedi Tudományegyetem - modellváltás - alapítványi egyetem - alapítványi fenntartás, Cégbírósági bejegyzés - Szegedi Tudományegyetemért Alapítvány, Innovációs és Technológiai Minisztérium - ITM, Egyetemi hallgatók
Online Access:http://univ.bibl.u-szeged.hu/59638
LEADER 00966nab a2200193 i 4500
001 univ59638
005 20210709110732.0
008 210709s2021 hu o 0|| hun d
040 |a SZTE UnivHistória Repozitórium  |b hun 
041 |a hun 
100 1 |a Csókás Adrienn 
245 1 0 |a Modellváltó egyetemen tanulhat a diákok háromnegyede  |h [elektronikus dokumentum] /  |c  Csókás Adrienn 
260 |c 2021-07-09 
300 |a 1,5 
490 0 |a Magyar Nemzet 
561 |a Egyetemi hirarchívum 
695 |a Szegedi Tudományegyetem - modellváltás - alapítványi egyetem - alapítványi fenntartás, Cégbírósági bejegyzés - Szegedi Tudományegyetemért Alapítvány, Innovációs és Technológiai Minisztérium - ITM, Egyetemi hallgatók 
700 0 2 |a Móricz-Sabján Simon 
856 4 0 |u http://univ.bibl.u-szeged.hu/59638/1/2021-07-09%2003_00_00_Magyar%20Nemzet_Modellv%C3%A1lt%C3%B3%20egyetemen%20tanulhat%20a%20di%C3%A1kok%20h%C3%A1romnegyede.pdf  |z Dokumentum-elérés